Memorias del taller Mesoamericano de evaluación de Impacto Ambiental: resumen ejecutivo /

Guardado en:
Bibliografiske detaljer
Hovedforfatter: Villela, Lisa
Andre forfattere: comp
Format: Texto
Sprog:Spanish
Udgivet: San José: UICN. CCAD
Tags: Tilføj Tag
Ingen Tags, Vær først til at tagge denne postø!

MARC

LEADER 00000 a a2200000 04500
001 34414
003 cru CIDCACS/IIS
005 20181029135536.0
008 181029b ||||| |||| 00| 0 spa d
999 |c 11599  |d 11599 
040 |c cru CIDCACS/IIS 
090 |a 16.02.01 M533m 
100 |a Villela, Lisa  
245 |a Memorias del taller Mesoamericano de evaluación de Impacto Ambiental: resumen ejecutivo /  |c Lisa Villela 
260 |a San José:   |b UICN. CCAD  
300 |a 29 p.  
700 |a comp.  
942 |2 ddc  |c LI